000 00444nam a2200169 a 4500
001 4776
003 CO-ViMGA
008 141112s2004 ck r 000 u spa d
040 _aCO-ViMGA
_bspa
_cCO-ViMGA
082 0 4 _a573 H455e
100 1 _aHillary, Edmund
_92932
245 1 0 _aEcologĂ­a 2000 ; la faz cambiante de la tierra
260 _aMadrid :
_bDebate,
_c1985
300 _a252 p : il
650 1 4 _aECOLOGIA HUMANA
_97427
942 _2ddc
_cBK
999 _c16783
_d16783